000 00598nam a2200241 a 4500
001 nice12345678
003 IN_TiNIC
005 20260116011503.0
008 050524s1951 chia grp 000 0 eng
020 _a
_c100
082 0 0 _a909.094
_bKNO
100 _aKnoles, George H
245 _aReadings in Western Civilization
260 _aChicago
_bJ.B. Lippincott and Co
_c1951
300 _a922p
500 _aincludes index and biblioraphy
505 2 _aIllustration
650 _aCivilization-Europe
700 1 _aKnoles, George H
902 _bSRS
942 _cBK
999 _c1979
_d1979